| 000 | 00497nam a2200181Ia 4500 | ||
|---|---|---|---|
| 008 | 090122s9999 xx 000 0 und d | ||
| 082 |
_b13493 _a891.463 |
||
| 100 |
_aकदम _bबाबा |
||
| 245 | _aतुफान | ||
| 260 |
_bदिलीपराज _c"4 थी, 2008" |
||
| 300 | _a272 | ||
| 501 | _a4257-11/09/2008 दिलीपराज पुणे | ||
| 600 | _aकदम | ||
| 630 | _aतुफान | ||
| 700 | _aकदम | ||
| 730 | _aतुफान | ||
| 942 | _cBOOK | ||
| 999 |
_c37570 _d37570 |
||